00322pab a2200121 454500008004000000100002000040245005700060260000900117300001400126362001100140650001500151773003400166180718b2014 xxu||||| |||| 00| 0 eng d aDasgupta, Sukti aThe 'employing workers index': A critique and review c2014 ap.97-103. a26 Apr aLabour law aEconomic and Political Weekly